| 000 | 02033cam a22004694i 4500 | ||
|---|---|---|---|
| 003 | PE-LiUPU | ||
| 005 | 20250731173322.0 | ||
| 008 | 150625s2000 sp rb 000 0 spa d | ||
| 020 | _a8482671596 | ||
| 035 | _a(Sirsi) i9788482671598 | ||
| 040 |
_aPE-LiUPU _bspa _cPE-LiUPU _erda |
||
| 049 | _aPRUA | ||
| 082 | 0 | 4 |
_a223.2 _bL77 _221 |
| 100 | 1 |
_aLongman III, Tremper, _eautor. |
|
| 245 | 1 | 0 |
_aCómo leer los Salmos / _cTremper Longman III. |
| 264 | 1 |
_aBarcelona : _bClíe, _c2000. |
|
| 300 |
_a189 páginas ; _c23 centímetros. |
||
| 336 |
_atext _2rdacontent |
||
| 337 |
_aunmediated _2rdamedia |
||
| 338 |
_avolume _2rdacarrier |
||
| 490 | 0 | _aColección Seminario: Area de Bíblia | |
| 504 | _aBibliografía al final de cada capítulo. | ||
| 505 | 0 | _aLos géneros de los Salmos -- El origen, el desarrollo y el uso de los Salmos -- Los Salmos: el corazón del Antiguo Testamento -- Una lectura cristiana de los Salmos -- Los Salmos: espejo del alma -- La poesía del Antiguo Testamento -- Comprendiendo el paralelismo -- Imágenes en los Salmos -- Salmo 98: Dejad que toda la tierra alabe a Dios, nuestro guerrero -- Salmo 69: Señor, sufro por ti. -Salmo 30: ¡Gracias, Señor, por sanarme!. | |
| 526 | _aSEG42 | ||
| 526 | _aSEG41 | ||
| 526 | _aSEG40 | ||
| 526 | _aSEG39 | ||
| 526 | _aP94 | ||
| 526 | _aP87 | ||
| 526 | _aP86 | ||
| 526 | _aP85 | ||
| 526 | _aP77 | ||
| 526 | _aP76 | ||
| 526 | _aP35 | ||
| 541 | _g003-0003441; | ||
| 630 |
_aBiblia. _pA.T. _pSalmos _xComentarios. |
||
| 942 |
_2ddc _cBOOK |
||
| 949 |
_a223.2 L77 _wDEWEY _c1 _i57652 _d2016-10-7 _e2016-10-6 _lCCODEBUL1 _mBUL _n5 _p9.00 _r0 _sY _tBOOK _u2015-6-25 _xTEOLOGIA _zUNKNOWN _0COMPRA _o.STAFF. Colección General |
||
| 994 |
_aC0 _bPEPRU |
||
| 596 | _a1 | ||
| 999 |
_a223.2 L77 _wDEWEY _c46666 _i57652 _d46666 _e2019-10-4 _f2021-11-11 _g5 _lCCODEBUL1 _mBUL _n17 _p9.00 _q8 _r0 _sY _tBOOK _u2015-6-25 _xTEOLOGIA _PP35 _0COMPRA _o.STAFF. Colección Teología |
||
| 980 |
_81 _gALBERTO SANCHEZ Responsable de Automatización |
||